00345nam a2200109Ia 4500008004100000082001300041100001700054245004800071942000600119952009500125999001500220240331s9999 xx 000 0 und d a301bSAN aSandywell, B 0aReflexivity and the crisis of western reaso cL 001040708LaWERCLbWERCLcSSCd2024-03-31l0o 301 SANp2410r2024-03-31w2024-03-31yL c1035d1035